[Event "TUR-ch Seniors 50"]
[Site "Ankara"]
[Date "2023.05.22"]
[Round "4"]
[White "Aygul, Huseyin"]
[Black "Arslan, Erdem"]
[Result "0-1"]
[WhiteElo "1082"]
[BlackElo "1409"]
[PlyCount "68"]
[EventDate "2023.05.19"]
[EventType "swiss"]
[EventRounds "9"]
[EventCountry "TUR"]
[SourceTitle "CBM 214 Extra"]
[Source "ChessBase"]
[SourceDate "2023.07.31"]
[SourceVersion "1"]
[SourceVersionDate "2023.07.31"]
[SourceQuality "1"]

1. e4 e5 2. Nf3 Nc6 3. Bc4 Bc5 4. c3 d6 5. h3 Nf6 6. d4 exd4 7. cxd4 Bb4+ 8. Bd2 0-0 9. 0-0 Nxe4 10. Bxb4 Nxb4 11. a3 Nc6 12. d5 Ne5 13. Nxe5 dxe5 14. Re1 Nd6 15. Bb3 Qg5 16. Qf3 Re8 17. Nc3 Bf5 18. Re3 Bg6 19. Rae1 f6 20. R1e2 Kh8 21. Bc2 Bxc2 22. Rxc2 Nf5 23. Re4 Nd4 24. Qd3 f5 25. Re3 a6 26. Rg3 Qf6 27. Rf3 e4 28. Rg3 f4 29. Rg4 h5 30. Rxg7 Qxg7 31. Nxe4 f3 32. g3 Qe5 33. Nc3 Qe1+ 34. Kh2 Qf1 0-1

[Event "TUR-ch Seniors 50"]
[Site "Ankara"]
[Date "2023.05.20"]
[Round "2"]
[White "Sayman, Tevfik"]
[Black "Arslan, Erdem"]
[Result "1-0"]
[WhiteElo "1664"]
[BlackElo "1409"]
[PlyCount "143"]
[EventDate "2023.05.19"]
[EventType "swiss"]
[EventRounds "9"]
[EventCountry "TUR"]
[SourceTitle "CBM 214 Extra"]
[Source "ChessBase"]
[SourceDate "2023.07.31"]
[SourceVersion "1"]
[SourceVersionDate "2023.07.31"]
[SourceQuality "1"]

1. d4 d5 2. c4 e6 3. Nc3 Nf6 4. Bg5 Be7 5. e3 b6 6. cxd5 exd5 7. Nf3 0-0 8. Bd3 Nc6 9. Rc1 a6 10. 0-0 Bb7 11. Ne2 Nh5 12. Bxe7 Qxe7 13. Ng3 Nxg3 14. hxg3 g6 15. Re1 Qd6 16. e4 dxe4 17. Bxe4 Na5 18. Qc2 Rac8 19. Bxb7 Nxb7 20. Qc4 b5 21. Qc6 Na5 22. Qc3 Nc4 23. b3 Nb6 24. Ne5 Rfd8 25. Nc6 Re8 26. Qc5 Rxe1+ 27. Rxe1 Kg7 28. Ne7 Rd8 29. Qg5 Qf6 30. Nf5+ Qxf5 31. Qxd8 Qd5 32. Qxd5 Nxd5 33. Rc1 b4 34. Rc5 Nc3 35. Kf1 Nxa2 36. Ra5 Nc1 37. Rxa6 Nxb3 38. d5 Nd4 39. Ra7 Nb5 40. Rb7 Nc3 41. Rxb4 Nxd5 42. Rb5 c6 43. Rc5 Ne7 44. g4 Kf6 45. Ke2 Ke6 46. Rc3 Kd6 47. Rh3 f5 48. Rxh7 fxg4 49. Rh4 Ke6 50. Rxg4 Kf5 51. Rc4 Ke5 52. Rc5+ Kd6 53. Rg5 Ke6 54. Kd3 Kf6 55. f4 Nd5 56. g3 Ne7 57. Kd4 Nf5+ 58. Kc5 Ne7 59. Kd6 Kf7 60. g4 Kf6 61. Re5 Nd5 62. Rxd5 cxd5 63. Kxd5 Kf7 64. Ke5 Ke7 65. g5 Kf7 66. Kd6 Kg8 67. Ke6 Kg7 68. Ke7 Kg8 69. Kf6 Kh7 70. Kf7 Kh8 71. f5 gxf5 72. g6 1-0